000 00441nam a22001457a 4500
005 20241118135852.0
008 241118b |||||||| |||| 00| 0 eng d
020 _a9780673372772
050 _aQA154.2 ALG
245 _aAlgebra/
_bthe University of Chicago school mathematics project;
260 _aGlenview, Illinois
_bScott, Foresman and Company
_c1993
300 _ax.739p.
_bill. some color
_c26cm
650 _2Algebra
942 _2lcc
_cBK
_n0
999 _c1275
_d1275